Man-eaters of Kumaon / (Record no. 29285)

MARC details
000 -LEADER
fixed length control field 00633nam a22002177a 4500
005 - DATE AND TIME OF LATEST TRANSACTION
control field 20090819125132.0
008 - FIXED-LENGTH DATA ELEMENTS--GENERAL INFORMATION
fixed length control field 090819t xxu||||| |||| 00| 0 eng d
010 ## - LCCN (DPL NO)
LC control number B-328878
020 ## - INTERNATIONAL STANDARD BOOK NUMBER
Terms of availability 225.00
035 ## - SYSTEM CONTROL NUMBER
System control number B-328878
037 ## - SOURCE OF ACQUISITION
Stock number UBH
Source of stock number/acquisition UBH
040 ## - CATALOGING SOURCE
Language of cataloging English
100 ## - MAIN ENTRY--PERSONAL NAME
Personal name Corbett,Jim
245 ## - TITLE STATEMENT
Title Man-eaters of Kumaon /
Statement of responsibility, etc by Jim Corbett
260 ## - PUBLICATION, DISTRIBUTION, ETC. (IMPRINT)
Place of publication, distribution, etc New Delhi
Name of publisher, distributor, etc Oxford University Press
Date of publication, distribution, etc 2009
270 ## - ADDRESS
City New Delhi
300 ## - PHYSICAL DESCRIPTION
Extent 226p.
Dimensions 21cm.
942 ## - ADDED ENTRY ELEMENTS (KOHA)
Source of classification or shelving scheme Dewey Decimal Classification
Item type English Books
Holdings
Withdrawn status Lost status Source of classification or shelving scheme Damaged status Not for loan Home library Current library Date acquired Source of acquisition Cost, normal purchase price Total Checkouts Full call number Barcode Date last seen Copy number Cost, replacement price Koha item type
Written off Written-off vide DLB M. No. 383 dt 16.05.19 Dewey Decimal Classification   Ordered Kasturba Gandhi Marg Kasturba Gandhi Marg 29/05/2009 UBH 225.00   COR B-328878 19/08/2009 1 225.00 English Books

© Delhi Public Library
Hit Counter
free hit counter